| 000 | 00411nam a22001697a 4500 | ||
|---|---|---|---|
| 999 |
_c525940 _d525940 |
||
| 003 | NUST | ||
| 020 | _qH/B | ||
| 038 | _awaseem | ||
| 082 |
_a121 _bBAR |
||
| 100 |
_aBari, Abdul _916891 |
||
| 245 |
_aFahim-e-Insani / _cAbdul Bari |
||
| 260 |
_aLahore : _bBook Home, _c2005. |
||
| 300 | _a208 p. ; | ||
| 880 |
_6100-01\r _aعبدالباری |
||
| 880 |
_6245-02\r _aفہمِ انسانی / |
||
| 942 |
_2ddc _cBK |
||